|
|
|
|
| LEADER |
00000nam0a2200000 4500 |
| 001 |
275497 |
| 005 |
20231101234829.0 |
| 035 |
|
|
|a (RuTPU)RU\TPU\book\298739
|
| 090 |
|
|
|a 275497
|
| 100 |
|
|
|a 20141114d1985 km y0rusy50 ca
|
| 101 |
0 |
|
|a rus
|
| 102 |
|
|
|a RU
|
| 105 |
|
|
|a a z 001zy
|
| 200 |
1 |
|
|a Предупреждение коррозии барабанных котлов высокого давления
|f А. Б. Вайнман
|
| 210 |
|
|
|a Москва
|c Энергоатомиздат
|d 1985
|
| 215 |
|
|
|a 232 с.
|c ил.
|
| 320 |
|
|
|a Библиогр.: с. 225-231
|
| 606 |
1 |
|
|a Котельные установки
|x Коррозия
|2 stltpush
|3 (RuTPU)RU\TPU\subj\16001
|9 42196
|
| 610 |
1 |
|
|a барабанные котлы
|
| 610 |
1 |
|
|a коррозионные повреждения
|
| 610 |
1 |
|
|a типы
|
| 610 |
1 |
|
|a особенности
|
| 610 |
1 |
|
|a предупреждение
|
| 610 |
1 |
|
|a водно-химический режим
|
| 610 |
1 |
|
|a топочный режим
|
| 675 |
|
|
|a 621.18:620.19
|v 3
|
| 700 |
|
1 |
|a Вайнман
|b А. Б.
|g Аркадий Борисович
|
| 801 |
|
1 |
|a RU
|b 63413507
|c 20141114
|
| 801 |
|
2 |
|a RU
|b 63413507
|c 20170126
|g RCR
|
| 942 |
|
|
|c BK
|